|
|
|
|
| LEADER |
00000nab a2200000 4500 |
| 001 |
vtls011789338 |
| 003 |
SK-MaSNL |
| 005 |
20260318132629.0 |
| 008 |
181107|20181107xo |||| || ||00 0|hun |
| 015 |
|
|
|a SNBRB2018/11
|
| 038 |
|
|
|a DSZK
|
| 040 |
|
|
|a DSZK
|b slo
|c DSZK
|e rda
|
| 041 |
|
|
|a hun
|
| 043 |
|
|
|a e-xo---
|
| 044 |
|
|
|a xo
|c SK
|
| 072 |
|
7 |
|a 94(100)
|x Svetové dejiny
|2 konspekt
|
| 072 |
|
7 |
|a 72
|x Architektúra
|2 konspekt
|
| 080 |
|
|
|a 94(100)"1914/1918"
|2 2011
|
| 080 |
|
|
|a 725.945
|x (437.6)
|2 2011
|
| 100 |
1 |
|
|a (sk)
|4 aut
|9 818831
|
| 245 |
1 |
0 |
|a Dunaszerdahelyen felavatták az idegen földben nyugvó katonák emlékművét
|c [szerző] (sk)
|
| 300 |
|
|
|b Fotografie
|
| 336 |
|
|
|a text
|b txt
|2 rdacontent
|
| 337 |
|
|
|a bez média
|b n
|2 rdamedia
|
| 338 |
|
|
|a zväzok
|b nc
|2 rdacarrier
|
| 650 |
0 |
7 |
|a prvá svetová vojna (1914-1918)
|2 SNKPH
|9 162650
|
| 650 |
0 |
7 |
|a druhá svetová vojna (1939-1945)
|2 SNKPH
|9 169657
|
| 650 |
0 |
7 |
|a pamätníky
|2 SNKPH
|9 25601
|
| 650 |
0 |
7 |
|a odhalenie
|2 dszk
|9 877395
|
| 651 |
|
7 |
|a Dunajská Streda (Slovensko)
|2 SNKPHgeo
|9 17375
|
| 773 |
0 |
|
|t Új szó
|g Évf. 71, sz. 255 (2018.11.7), o. 14
|x 1335-7050
|
| 958 |
|
|
|a SK
|
| 958 |
|
|
|a HU
|
| 958 |
|
|
|a RG
|
| 999 |
|
|
|c 2140213
|d 2142143
|